| 000 | 00555cam a2200205ua 4500 | ||
|---|---|---|---|
| 001 | 4079 | ||
| 008 | 160812n ii |||gr||||Z||||||eng | ||
| 020 | _a80-203-1446-8 | ||
| 040 | _cMAIN | ||
| 041 | _aeng | ||
| 082 | _a006.6 | ||
| 100 | _aMukherjee, D. P., | ||
| 245 |
_aFundamentals of computer graphics and multimedia _cby D. P. Mukherjee |
||
| 250 | _a9th. | ||
| 260 |
_aNew Delhi: _bPrentice hal india, _c2006. |
||
| 300 |
_a182p: _c25cm. |
||
| 653 | _aComputer science | ||
| 653 | _aFundamentals of computer graphics and multimedia | ||
| 942 | _cBK | ||
| 999 |
_c3901 _d3901 |
||